000 01590nam0a2200337 4500
001 RU\NLR\bibl\1116084
005 20260409080409.0
021 _aRU
_b2007-43981
_92351
035 _a(NLR Aleph) 001103089
090 _a1190671
_c1190671
100 _a20070808d2007 |||y0rusy50 ca
101 0 _arus
102 _aRU
105 _aa |||||||||
200 1 _aИнновационные технологии в системе университетского образования
_eсборник научных трудов
_fРос. акад. естеств. наук
_g[редкол.: д.филол.н., проф., чл.-кор. РАЕН Михайлова В.И. (гл. ред.) и др.]
210 _aМосква
_cРАЕН
_d2007
215 _a159 с.
_cил.
_d21
300 _aНа тит.л.: К 75-летию ОАО "Магнитог. металлург. комб."
320 _aБиблиогр. в конце ст.
320 _aИмен. указ.: с. 159
606 _aВысшее образование
_jСборники
_xИнновации
_92664515
_3RU\NLR\AUTH\6601752542
686 1 _aЧ481.2я43
702 1 _4340
_7ca
_8rus
_aМихайлова
_bВ. И.
_cд-р филол. наук
_gВалентина Ивановна
_939476
_3RU\NLR\auth\7756544
712 0 2 _4570
_aРоссийская академия естественных наук
_9433185
_3RU\NLR\AUTH\889968404
801 0 _aRU
_bNLR
_c20070808
_gRCR
801 1 _aRU
_bNLR
_c20070808
830 _aавт. не раскрыть
942 _cBOOK
980 _aNB